[Event "GER-ch Seniors 65"]
[Site "Hamburg"]
[Date "2018.07.26"]
[Round "6"]
[White "Raitza, Egon"]
[Black "Grunewald, Peter"]
[Result "0-1"]
[WhiteElo "1726"]
[BlackElo "1860"]
[PlyCount "94"]
[EventDate "2018.07.21"]
[EventType "swiss"]
[EventRounds "9"]
[EventCountry "GER"]
[SourceTitle "CBM 186 Extra"]
[Source "ChessBase"]
[SourceDate "2018.08.24"]
[SourceVersion "1"]
[SourceVersionDate "2018.08.24"]
[SourceQuality "1"]

1. d4 d5 2. c4 c6 3. Nf3 Nf6 4. Nc3 a6 5. cxd5 cxd5 6. Bf4 Nc6 7. e3 Bg4 8. Rc1 e6 9. Bd3 Bd6 10. Bxd6 Qxd6 11. 0-0 0-0 12. h3 Bh5 13. Be2 h6 14. Na4 Rab8 15. Nc5 Nd7 16. Ne5 Bxe2 17. Qxe2 Ndxe5 18. dxe5 Nxe5 19. Rfd1 f5 20. f4 Nd7 21. Nd3 Qb6 22. Rc2 Rfc8 23. Rdc1 Rc6 24. Rxc6 bxc6 25. Kf2 c5 26. b3 Rc8 27. Qb2 Nf6 28. Kf3 Rc7 29. Qe5 Nd7 30. Qb2 Qb5 31. Ne5 Nf6 32. Qe2 Qb7 33. Kf2 Ne4+ 34. Kg1 Qc8 35. Qh5 Nf6 36. Qe2 Qb7 37. Nd3 c4 38. bxc4 Rxc4 39. Rxc4 dxc4 40. Ne5 c3 41. Qc4 Nd5 42. Nf3 Qb1+ 43. Kh2 Kh7 44. Nd4 Qb2 45. Qe2 Qd2 46. Qxa6 Nxe3 47. Ne2 c2 0-1

[Event "Berlin-ch Seniors op 34th"]
[Site "Berlin"]
[Date "2018.01.31"]
[Round "2"]
[White "Koeckeritz, Dieter"]
[Black "Grunewald, Peter"]
[Result "0-1"]
[WhiteElo "1663"]
[BlackElo "1852"]
[PlyCount "64"]
[EventDate "2018.01.30"]
[EventType "swiss"]
[EventRounds "9"]
[EventCountry "GER"]
[SourceTitle "EXT 2020"]
[Source "ChessBase"]
[SourceDate "2019.10.17"]
[SourceVersion "1"]
[SourceVersionDate "2019.10.17"]
[SourceQuality "1"]

1. d4 d5 2. c4 c6 3. cxd5 cxd5 4. Nc3 Nc6 5. Nf3 Nf6 6. Bf4 Nh5 7. Bg3 Nxg3 8. hxg3 e6 9. e3 a6 10. a3 Bd7 11. Bd3 g6 12. Qe2 Rc8 13. Rc1 Bg7 14. b4 b5 15. Qc2 0-0 16. Nh4 Qe8 17. 0-0 e5 18. dxe5 Nxe5 19. Qd2 Be6 20. Bb1 Nc4 21. Qd1 Nxa3 22. Nxd5 Rxc1 23. Qxc1 Bxd5 24. Qxa3 Qa8 25. f3 Rc8 26. Rc1 Rxc1+ 27. Qxc1 Qc6 28. Qd1 Bf8 29. e4 Bc4 30. e5 Qd5 31. Qc1 Qxe5 32. Be4 Qxg3 0-1

[Event "Miedzyzdroje OB Seniors 24th"]
[Site "Miedzyzdroje"]
[Date "2016.06.23"]
[Round "7"]
[White "Schmidt, Hans Juergen"]
[Black "Grunewald, Peter"]
[Result "1/2-1/2"]
[WhiteElo "1865"]
[BlackElo "1886"]
[PlyCount "59"]
[EventDate "2016.06.17"]
[EventType "swiss"]
[EventRounds "9"]
[EventCountry "POL"]
[SourceTitle "EXT 2019"]
[Source "ChessBase"]
[SourceDate "2018.10.10"]
[SourceVersion "1"]
[SourceVersionDate "2018.10.10"]
[SourceQuality "1"]

1. e4 e5 2. Nf3 d6 3. Bc4 h6 4. d4 exd4 5. Nxd4 Nf6 6. Nc3 Nbd7 7. 0-0 Ne5 8. Be2 Be7 9. f4 Ng6 10. Be3 0-0 11. h3 Re8 12. Qd2 Bf8 13. Bd3 a6 14. a4 c6 15. Rae1 Qc7 16. b3 b5 17. f5 Ne5 18. Nf3 b4 19. Ne2 c5 20. Nf4 Bd7 21. Nxe5 Rxe5 22. Bf2 Bc6 23. Nd5 Nxd5 24. exd5 Rxe1 25. Rxe1 Bxd5 26. Qe2 Bb7 27. Qg4 Qd7 28. Qg3 Re8 29. Be3 d5 30. Rf1 1/2-1/2

[Event "Berlin-ch Seniors op 32nd"]
[Site "Berlin"]
[Date "2016.01.29"]
[Round "4"]
[White "Grunewald, Peter"]
[Black "Windmueller, Werner"]
[Result "1/2-1/2"]
[WhiteElo "1925"]
[BlackElo "1783"]
[PlyCount "46"]
[EventDate "2016.01.26"]
[EventType "swiss"]
[EventRounds "9"]
[EventCountry "GER"]
[SourceTitle "EXT 2019"]
[Source "ChessBase"]
[SourceDate "2018.10.10"]
[SourceVersion "1"]
[SourceVersionDate "2018.10.10"]
[SourceQuality "1"]

1. c4 e6 2. Nc3 d5 3. cxd5 exd5 4. d4 a6 5. Nf3 Nc6 6. g3 Nf6 7. Bg2 Be7 8. 0-0 h6 9. Ne5 0-0 10. Nxc6 bxc6 11. Re1 Bf5 12. Qa4 Bd7 13. Qc2 Bb4 14. a3 Bxc3 15. Qxc3 Ne4 16. Qa5 Qb8 17. Bxe4 dxe4 18. Bf4 Qb6 19. Bxc7 Qxa5 20. Bxa5 Rab8 21. Bb4 Rfe8 22. Kg2 Be6 23. Rec1 Bd5 1/2-1/2

[Event "Berlin-ch Seniors op 32nd"]
[Site "Berlin"]
[Date "2016.01.26"]
[Round "1"]
[White "Koeckeritz, Dieter"]
[Black "Grunewald, Peter"]
[Result "0-1"]
[WhiteElo "1676"]
[BlackElo "1925"]
[PlyCount "60"]
[EventDate "2016.01.26"]
[EventType "swiss"]
[EventRounds "9"]
[EventCountry "GER"]
[SourceTitle "EXT 2019"]
[Source "ChessBase"]
[SourceDate "2018.10.10"]
[SourceVersion "1"]
[SourceVersionDate "2018.10.10"]
[SourceQuality "1"]

1. d4 Nf6 2. c4 c6 3. Nc3 d5 4. Nf3 a6 5. e3 g6 6. Be2 Bg7 7. 0-0 0-0 8. Qc2 Nbd7 9. Bd2 dxc4 10. Rad1 Nb6 11. e4 Qc7 12. h3 Ne8 13. Qc1 Qd8 14. Bf4 Nc7 15. Rfe1 Be6 16. Bh6 Nb5 17. Bxg7 Kxg7 18. Qf4 f6 19. Qc1 Qc7 20. d5 Nxc3 21. Qxc3 cxd5 22. Nd4 Bg8 23. Bf3 e5 24. Nf5+ gxf5 25. exd5 e4 26. Bxe4 fxe4 27. Rxe4 Nxd5 28. Rg4+ Kh8 29. Rxg8+ Kxg8 30. Rxd5 Qc6 0-1

[Event "GER-ch Seniors"]
[Site "Dresden"]
[Date "2012.08.11"]
[Round "3"]
[White "Leisen, Peter"]
[Black "Grunewald, Peter"]
[Result "1/2-1/2"]
[WhiteElo "1836"]
[BlackElo "2041"]
[PlyCount "40"]
[EventDate "2012.08.09"]
[EventType "swiss"]
[EventRounds "9"]
[EventCountry "GER"]
[SourceTitle "EXT 2014"]
[Source "ChessBase"]
[SourceDate "2013.11.20"]
[SourceVersion "1"]
[SourceVersionDate "2013.11.20"]
[SourceQuality "1"]

1. d4 d5 2. Nf3 c6 3. Bf4 Nf6 4. e3 Nh5 5. Bxb8 Rxb8 6. Ne5 Nf6 7. Bd3 e6 8. Nd2 Bd6 9. Ndf3 Qc7 10. 0-0 0-0 11. c4 Nd7 12. Nxd7 Bxd7 13. c5 Be7 14. Ne5 Be8 15. Qg4 f5 16. Qg3 Qd8 17. b4 Bh4 18. Qh3 Bf6 19. Qg3 Kh8 20. a4 Bh4 1/2-1/2

[Event "GER-ch Seniors 22nd"]
[Site "Berlin"]
[Date "2010.08.16"]
[Round "1"]
[White "Reichenbach, Werner"]
[Black "Grunewald, Peter"]
[Result "1-0"]
[WhiteElo "2162"]
[BlackElo "1778"]
[PlyCount "41"]
[EventDate "2010.08.16"]
[EventType "swiss"]
[EventRounds "9"]
[EventCountry "GER"]
[SourceTitle "CBM 138 Extra"]
[Source "ChessBase"]
[SourceDate "2010.10.29"]
[SourceVersion "1"]
[SourceVersionDate "2010.10.29"]
[SourceQuality "1"]

1. e4 c5 2. Nc3 Nc6 3. Bb5 d6 4. Bxc6+ bxc6 5. f4 g6 6. Nf3 Bg7 7. 0-0 Nf6 8. d3 0-0 9. Qe1 d5 10. Kh1 d4 11. Na4 c4 12. e5 Ne8 13. dxc4 d3 14. cxd3 Qxd3 15. b3 Nc7 16. Nc5 Qd8 17. Ba3 Ne6 18. Rd1 Qc7 19. Qe3 Rd8 20. h3 Nxc5 21. Bxc5 1-0